000 00781nam a22001457a 4500
003 OSt
005 20160324091257.0
008 160324b xxu||||| |||| 00| 0 eng d
040 _cRUA
082 _aAVM OU 2011 B472 Or.1
100 _98173
_aOU TEKEING; អ៊ូ តេកអៀង
245 _aPrevalence of parasite and treatment in dogs at animal clinic of department of agriculture in phnom penh, កម្រិតរាលដាលនៃបរាសិត និងការព្យាបាលលើសត្វសុនខនៅគ្លីនិក(ផ្នែកពិនិត្យ និងព្យាបាលសត្វ)នៃមន្ទីកសិកម្មរាជធានីភ្នំពេញ
300 _aviii,36p.
_bill.
_c29cm.
942 _2ddc
_cAVM
999 _c7783
_d7783